Benefits and burdens of rural development (Record no. 477126)

MARC details
000 -LEADER
fixed length control field 00699nam a2200229Ia 4500
003 - CONTROL NUMBER IDENTIFIER
control field OSt
005 - DATE AND TIME OF LATEST TRANSACTION
control field 20220925165402.0
008 - FIXED-LENGTH DATA ELEMENTS--GENERAL INFORMATION
fixed length control field 220923b |||||||| |||| 00| 0 eng d
037 ## - SOURCE OF ACQUISITION
Terms of availability General Book
040 ## - CATALOGING SOURCE
Original cataloging agency RTL
Transcribing agency RTL
Language of cataloging eng
041 ## - LANGUAGE CODE
Source of code eng
Language code of text/sound track or separate title eng
245 #0 - TITLE STATEMENT
Title Benefits and burdens of rural development
Remainder of title Some Pu
260 ## - PUBLICATION, DISTRIBUTION, ETC.
Place of publication, distribution, etc. Ames
Name of publisher, distributor, etc. Iowa State University Press
Date of publication, distribution, etc. 1970
300 ## - PHYSICAL DESCRIPTION
Extent xii, 311p
Dimensions cm.
490 ## - SERIES STATEMENT
Series statement Centre for Agricultural and Economic Development. Iowe State University
650 ## - SUBJECT ADDED ENTRY--TOPICAL TERM
Topical term or geographic name entry element Commnunity Development
9 (RLIN) 233250
942 ## - ADDED ENTRY ELEMENTS (KOHA)
Classification part Y31:7:7, L0
Koha item type General Books
Source of classification or shelving scheme Colon Classification (CC)
Holdings
Withdrawn status Lost status Damaged status Not for loan Home library Current library Date acquired Total Checkouts Full call number Barcode Date last seen Price effective from Koha item type
        Ratan Tata Library Ratan Tata Library 2022-09-25   Y31:7:7 L0 RT0644161 2022-09-25 2022-09-25 General Books
Copyright @ Delhi University Library System